000 00753nam a22001937a 4500
999 _c177216
_d177216
005 20210212162617.0
010 _aB-736875
020 _c1975.00
_a9788171948130
035 _aB-736875
037 _bGift/Eng/03-02-2021
082 _a657.03
100 _aDuttachowdhury, Dhruba
245 _aDictionary for charted accountans/ company secretaries/ cost accountants/ corporate professionals /
_cby Dhruba Duttachowdhury
260 _aNew Delhi
_bTaxmann Publications
_c2010
270 _a59/32, New Rohtak Road
_bNew Delhi
_e110005
300 _a1518p.:
_c25cm(Hb)
_bill.
942 _2ddc
_cEN
_mDUT
_h657.03